Visualizzazione normale
Vista MARC
- Al Bano (Carrisi)
di Personal Name
Records bibliografici associati: 1
001 - CONTROL NUMBER
- control field: 5216
003 - CONTROL NUMBER IDENTIFIER
- control field: IT-RoPau
005 - DATE AND TIME OF LATEST TRANSACTION
- control field: 20131214164321.0
008 - FIXED-LENGTH DATA ELEMENTS
- fixed length control field: 131214|| aca||aabn | a|a d
040 ## - CATALOGING SOURCE
- Original cataloging agency: IT-RoPau
- Transcribing agency: IT-RoPau
100 ## - HEADING--PERSONAL NAME
- Personal name: Al Bano (Carrisi)
- Miscellaneous information: Codiceautore testo/musica e inteprete SPICS: 10699
- Relator term: Autore musica e inteprete
- Name of part/section of a work: Felicità
670 ## - SOURCE DATA FOUND
- Source citation: Work cat.: (IT-RoPau)99115: AA.VV. 794, Festival di Sanremo 1982-Serata finale